000 00631cam a2200193 4500
008 090401t1988 xxu||||| |||| 00| 0 eng d
020 _a0117521590
035 _a(Sirsi) u34638
041 _aeng
110 _aUnited Kingdom
_bDepartment of the Environment
_9982
245 _aGeneral Development Order consolidation : Town and Country Planning General Development Order 1988, Town and Country Planning (Applications) Regulations 1988
260 _bHMSO
_c1988
300 _a28p
350 _a3
490 _aDoE Circular
_v22/88 31 October 1988
690 _aPLANNING LAW AND PRACTICE
942 _n0
948 _c04/03/1997
999 _c89974
_d89974